00738nam a2200205Ia 4500001002100000003000900021008004100030040002300071041001300094100001900107240005800126245009200184250001500276260002700291300003100318490000900349501012400358520002300482700002700505909-STO mo cg (7485)IT-MiSPE171229s9999||||xx |||||||||||||| ||und|| aIT-MiSPEcIT-MiSPE aITALIANO aR. B. Wernham  aThe new Cambridge modern history (Cambridge-Garzanti) 0aStoria del mondo modernobIII. La Controriforma e la rivoluzione dei prezzi (1559-1610) a1a ed. (v) aMilanobGarzantic1968 aXIX, 787 p. [12 v.]c25 cm v 3° aEdizioni San Paolo srl - Piazza Soncino, 5 - 20092 CINISELLO BALSAMO (MI) (non commercial uses only) ® Copyright 2018 aAA.VV., Ill., tav. aC. Caprag(traduzione)